Ekologický marketing diplomová práca

Gespeichert in:
Bibliographische Detailangaben
1. Verfasser: Palenčárová, Lucia
Körperschaft: Obchodná fakulta EU. Katedra marketingu
Weitere Verfasser: Balhar, Vítězslav, Jr
Format: Buch
Sprache:Slowakisch
Veröffentlicht: Bratislava 2018
Tags: Tag hinzufügen
Keine Tags, Fügen Sie das erste Tag hinzu!

MARC

LEADER 00000nbm a2200000 4500
001 0247328
005 20180912102724.2
041 0 |a slo 
044 |a SK 
245 1 0 |a Ekologický marketing  |b diplomová práca  |c Lucia Palenčárová ; školiteľ: Vítězslav Balhar 
264 1 |a Bratislava  |c 2018 
300 |a 86 s. 
100 1 |a Palenčárová, Lucia 
700 1 |a Balhar, Vítězslav, Jr. 
710 2 |a Obchodná fakulta EU. Katedra marketingu